[Event "Voronezh op-B 22nd"]
[Site "Voronezh"]
[Date "2018.06.20"]
[Round "9"]
[White "Knyazev, Pavel"]
[Black "Pokhlebin, Sergej"]
[Result "1-0"]
[WhiteElo "1762"]
[BlackElo "1898"]
[PlyCount "73"]
[EventDate "2018.06.12"]
[EventType "swiss"]
[EventRounds "9"]
[EventCountry "RUS"]
[SourceTitle "CBM 185 Extra"]
[Source "ChessBase"]
[SourceDate "2018.07.29"]
[SourceVersion "1"]
[SourceVersionDate "2018.07.29"]
[SourceQuality "1"]

1. Nf3 d5 2. g3 Nc6 3. Bg2 e5 4. d3 Be6 5. 0-0 Be7 6. Nbd2 Qd7 7. e4 dxe4 8. dxe4 0-0-0 9. c3 Bh3 10. b4 f6 11. a4 h5 12. Qe2 g5 13. Nc4 h4 14. b5 hxg3 15. fxg3 Bc5+ 16. Be3 Bxe3+ 17. Nxe3 Nce7 18. Rad1 Qe8 19. Bxh3+ Rxh3 20. Nxg5 Rh8 21. Rxd8+ Kxd8 22. Rd1+ Kc8 23. Qg4+ Kb8 24. Ne6 Nh6 25. Qe2 Qg6 26. Qc4 c6 27. Qc5 Nc8 28. bxc6 Qxe4 29. c7+ Ka8 30. Rd8 Nf7 31. Nf8 Qb1+ 32. Nd1 Qf5 33. Qf2 Qh3 34. Ne3 Nfd6 35. Nf5 Qg4 36. Nxd6 Qd1+ 37. Qf1 1-0

[Event "Voronezh op-B 22nd"]
[Site "Voronezh"]
[Date "2018.06.19"]
[Round "8"]
[White "Pokhlebin, Sergej"]
[Black "Bruyatskaya, Marina"]
[Result "0-1"]
[WhiteElo "1898"]
[BlackElo "2026"]
[PlyCount "46"]
[EventDate "2018.06.12"]
[EventType "swiss"]
[EventRounds "9"]
[EventCountry "RUS"]
[SourceTitle "CBM 185 Extra"]
[Source "ChessBase"]
[SourceDate "2018.07.29"]
[SourceVersion "1"]
[SourceVersionDate "2018.07.29"]
[SourceQuality "1"]

1. e4 c5 2. Nf3 d6 3. d4 cxd4 4. Nxd4 Nf6 5. Nc3 g6 6. Be3 Bg7 7. f3 0-0 8. Qd2 Nc6 9. Bc4 Bd7 10. 0-0-0 Ne5 11. Bb3 Qa5 12. Kb1 Rfc8 13. Bh6 Bh8 14. h4 Nc4 15. Bxc4 Rxc4 16. Nd5 Qd8 17. Ne2 Nxd5 18. exd5 Bf5 19. Nc3 Rxc3 20. bxc3 Rc8 21. Qf4 Rxc3 22. Rd4 Qb6+ 23. Rb4 Bxc2+ 0-1

[Event "Voronezh op-B 22nd"]
[Site "Voronezh"]
[Date "2018.06.13"]
[Round "2"]
[White "Bobkov, Vadim"]
[Black "Pokhlebin, Sergej"]
[Result "1-0"]
[WhiteElo "2058"]
[BlackElo "1898"]
[PlyCount "65"]
[EventDate "2018.06.12"]
[EventType "swiss"]
[EventRounds "9"]
[EventCountry "RUS"]
[SourceTitle "CBM 185 Extra"]
[Source "ChessBase"]
[SourceDate "2018.07.29"]
[SourceVersion "1"]
[SourceVersionDate "2018.07.29"]
[SourceQuality "1"]

1. d4 d5 2. c4 e6 3. Nc3 Bb4 4. cxd5 exd5 5. Bf4 Nf6 6. e3 0-0 7. Bd3 Re8 8. Nge2 Nh5 9. Bg3 g6 10. a3 Bf8 11. Nf4 Nxf4 12. Bxf4 c6 13. 0-0 a5 14. b4 axb4 15. axb4 Rxa1 16. Qxa1 Na6 17. Bxa6 bxa6 18. Rb1 Bf5 19. Rb2 Bd3 20. h3 Qb6 21. Na4 Qb5 22. Nc5 Ra8 23. Be5 Ra7 24. Qd1 Bc4 25. Qg4 f5 26. Qg5 Be7 27. Qh6 Bf8 28. Qf4 a5 29. Ne6 Bxb4 30. Qg5 Ra8 31. Qf6 Qb7 32. Qh8+ Kf7 33. Qg7+ 1-0

[Event "Voronezh op-B 20th"]
[Site "Voronezh"]
[Date "2016.06.18"]
[Round "6"]
[White "Nakonechny, Ignat"]
[Black "Pokhlebin, Sergej"]
[Result "0-1"]
[WhiteElo "1997"]
[BlackElo "1865"]
[PlyCount "50"]
[EventDate "2016.06.12"]
[EventType "swiss"]
[EventRounds "9"]
[EventCountry "RUS"]
[SourceTitle "EXT 2017"]
[Source "ChessBase"]
[SourceDate "2016.10.25"]
[SourceVersion "1"]
[SourceVersionDate "2016.10.25"]
[SourceQuality "1"]

1. e4 e5 2. d4 exd4 3. Qxd4 Nc6 4. Qe3 Nf6 5. Nc3 Bb4 6. Bd2 0-0 7. 0-0-0 Re8 8. Bc4 d6 9. f3 Ne5 10. Bb3 a5 11. a3 Bc5 12. Qe2 b5 13. Nxb5 Ba6 14. c4 c6 15. Nc3 Rb8 16. Ba2 Qe7 17. Nb1 d5 18. exd5 Qb7 19. Bc3 Nxc4 20. dxc6 Qxc6 21. Qd3 Be3+ 22. Kc2 Nxa3+ 23. Nxa3 Qa4+ 24. Kb1 Bxd3+ 25. Rxd3 Qxa3 0-1

[Event "Voronezh op-B 20th"]
[Site "Voronezh"]
[Date "2016.06.14"]
[Round "3"]
[White "Pokhlebin, Sergej"]
[Black "Makarenko, Aleksandr"]
[Result "1-0"]
[WhiteElo "1865"]
[BlackElo "2026"]
[PlyCount "68"]
[EventDate "2016.06.12"]
[EventType "swiss"]
[EventRounds "9"]
[EventCountry "RUS"]
[SourceTitle "EXT 2017"]
[Source "ChessBase"]
[SourceDate "2016.10.25"]
[SourceVersion "1"]
[SourceVersionDate "2016.10.25"]
[SourceQuality "1"]

1. e4 c6 2. d4 d5 3. Nc3 dxe4 4. Nxe4 Bf5 5. Nc5 b6 6. Nb3 e6 7. g3 Qd5 8. f3 h5 9. Nh3 Bxh3 10. Bxh3 Nf6 11. Qe2 Be7 12. Bf4 0-0 13. Be5 a5 14. Bg2 Qd7 15. 0-0 Na6 16. Rad1 a4 17. Nc1 a3 18. b3 Nd5 19. Qd3 f6 20. Bf4 Nxf4 21. gxf4 Bd6 22. Qe3 Nb4 23. c4 Rfe8 24. Kh1 Kf7 25. Qd2 Qc7 26. h3 g6 27. Rg1 Rad8 28. Rde1 f5 29. Re2 Rg8 30. Rf1 c5 31. d5 exd5 32. Nd3 dxc4 33. Nxb4 cxb4 34. Qd5+ Kf6 1-0

[Event "Voronezh op-B 19th"]
[Site "Voronezh"]
[Date "2015.06.21"]
[Round "9"]
[White "Kholodov, Vladimir"]
[Black "Pokhlebin, Sergej"]
[Result "1-0"]
[WhiteElo "2034"]
[BlackElo "1873"]
[PlyCount "49"]
[EventDate "2015.06.12"]
[EventType "swiss"]
[EventRounds "9"]
[EventCountry "RUS"]
[SourceTitle "CBM 167 Extra"]
[Source "ChessBase"]
[SourceDate "2015.09.14"]
[SourceVersion "1"]
[SourceVersionDate "2015.09.14"]
[SourceQuality "1"]

1. e4 c5 2. Nf3 a6 3. c4 Nc6 4. d4 cxd4 5. Nxd4 e6 6. Nc3 Qc7 7. Be3 Nf6 8. Be2 Bb4 9. f3 d5 10. 0-0 Bxc3 11. Nxc6 dxe4 12. bxc3 Qxc6 13. fxe4 Nxe4 14. Qd4 Nf6 15. Bg5 Rg8 16. Bf3 Qd7 17. Qe5 Qe7 18. Rad1 Nd7 19. Bxe7 Nxe5 20. Rd8+ Kxe7 21. Rxg8 g6 22. c5 Nd7 23. c6 Nc5 24. cxb7 Nxb7 25. Rb1 1-0

[Event "Voronezh op-B 17th"]
[Site "Voronezh"]
[Date "2013.06.12"]
[Round "1"]
[White "Mayraslova, Maria"]
[Black "Pokhlebin, Sergej"]
[Result "0-1"]
[WhiteElo "1579"]
[BlackElo "1984"]
[PlyCount "56"]
[EventDate "2013.06.12"]
[EventType "swiss"]
[EventRounds "9"]
[EventCountry "RUS"]
[SourceTitle "EXT 2014"]
[Source "ChessBase"]
[SourceDate "2013.11.20"]
[SourceVersion "1"]
[SourceVersionDate "2013.11.20"]
[SourceQuality "1"]

1. e4 e5 2. Nf3 Nc6 3. Nc3 Nf6 4. Bb5 Bb4 5. 0-0 d6 6. h3 0-0 7. d4 Bxc3 8. bxc3 Nxe4 9. dxe5 Nxc3 10. Qd3 Nxb5 11. Qxb5 a6 12. Qe2 dxe5 13. Nxe5 Qe7 14. Re1 Re8 15. Bf4 Bf5 16. Qc4 Qe6 17. Qxe6 Rxe6 18. Nxc6 Rxc6 19. Rac1 Rc4 20. Bg3 Kf8 21. c3 Rd8 22. Re5 Be6 23. Re3 Rd2 24. a3 Ra2 25. Rb1 b6 26. Rd1 Rxa3 27. Rd8+ Ke7 28. Rdd3 Ra1+ 0-1

[Event "Moscow-ch sf"]
[Site "Moscow"]
[Date "2012.03.02"]
[Round "6"]
[White "Pokhlebin, Sergej"]
[Black "Chudinovskih, Alexander N"]
[Result "0-1"]
[WhiteElo "2072"]
[BlackElo "2276"]
[PlyCount "86"]
[EventDate "2012.02.26"]
[EventType "swiss"]
[EventRounds "9"]
[EventCountry "RUS"]
[SourceTitle "CBM 147 Extra"]
[Source "ChessBase"]
[SourceDate "2012.04.24"]
[SourceVersion "1"]
[SourceVersionDate "2012.04.24"]
[SourceQuality "1"]

1. e4 e5 2. Nf3 Nc6 3. Bb5 a6 4. Ba4 Nf6 5. 0-0 Be7 6. Re1 b5 7. Bb3 0-0 8. c3 d6 9. h3 Na5 10. Bc2 c5 11. d4 Qc7 12. Nbd2 Nc6 13. Nb3 Bd7 14. Be3 Qb6 15. d5 Nd8 16. Nbd2 Qc7 17. b3 g6 18. Nh2 Nh5 19. Ndf1 f6 20. Rc1 Nf7 21. Bb1 Kh8 22. g4 Nf4 23. h4 a5 24. a3 c4 25. Ng3 Nh6 26. f3 g5 27. Ne2 Rfc8 28. Nf1 Nf7 29. Bc2 Qb7 30. b4 axb4 31. axb4 Ra3 32. Bxf4 gxf4 33. Ra1 Rca8 34. Rxa3 Rxa3 35. Qd2 Bd8 36. Rb1 Bb6+ 37. Kg2 Ba7 38. Qe1 Ra2 39. Rc1 h5 40. gxh5 Bc8 41. Nh2 Be3 42. Kh1 Bxc1 43. Qxc1 Qa7 0-1

[Event "Moscow-ch sf"]
[Site "Moscow"]
[Date "2011.03.13"]
[Round "1"]
[White "Arslanov, Shamil"]
[Black "Pokhlebin, Sergej"]
[Result "1/2-1/2"]
[WhiteElo "2411"]
[BlackElo "2032"]
[PlyCount "83"]
[EventDate "2011.03.13"]
[EventType "swiss"]
[EventRounds "9"]
[EventCountry "RUS"]
[SourceTitle "CBM 141 Extra"]
[Source "ChessBase"]
[SourceDate "2011.05.03"]
[SourceVersion "1"]
[SourceVersionDate "2011.05.03"]
[SourceQuality "1"]

1. e4 e5 2. Nf3 Nc6 3. d4 exd4 4. Nxd4 Nf6 5. Nxc6 bxc6 6. Bd3 d5 7. e5 Ng4 8. 0-0 Bc5 9. Qe2 Qe7 10. Bf4 g5 11. Bd2 Nxe5 12. Re1 Nxd3 13. Bxg5 Bxf2+ 14. Kh1 Qxe2 15. Rxe2+ Be6 16. Bf6 Rg8 17. cxd3 Bb6 18. Nd2 Rg6 19. Be5 Kd7 20. Rf1 Re8 21. Bg3 Bc5 22. Nf3 f6 23. Nh4 Rh6 24. Rc1 Bd6 25. d4 f5 26. Rec2 Bxg3 27. hxg3 f4 28. Kg1 Bg4 29. Rf2 fxg3 30. Rf7+ Re7 31. Rxe7+ Kxe7 32. Nf3 Bxf3 33. gxf3 Rh2 34. Rxc6 Kd7 35. Rc5 Kd6 36. Ra5 h5 37. Ra6+ c6 38. Rxa7 h4 39. Rh7 Rxb2 40. a4 Ra2 41. Rxh4 Rxa4 42. Kg2 1/2-1/2

[Event "Moscow op-E"]
[Site "Moscow"]
[Date "2011.02.05"]
[Round "8.239"]
[White "Pokhlebin, Sergej"]
[Black "Liapustin, Anatoly"]
[Result "1-0"]
[WhiteElo "2036"]
[BlackElo "1750"]
[PlyCount "95"]
[EventDate "2011.01.29"]
[EventType "swiss"]
[EventRounds "9"]
[EventCountry "RUS"]
[SourceTitle "EXT 2022"]
[Source "ChessBase"]
[SourceDate "2021.10.06"]
[SourceVersion "1"]
[SourceVersionDate "2021.10.06"]
[SourceQuality "1"]

1. e4 c6 2. d4 d5 3. e5 g6 4. Nf3 Bg7 5. Be2 Nh6 6. Bf4 Qa5+ 7. Nc3 b5 8. Qd2 Ng8 9. a3 b4 10. Na2 Ba6 11. Qxb4 Qxb4+ 12. axb4 Bxe2 13. Kxe2 e6 14. Nc3 Ne7 15. Ra5 0-0 16. Rha1 Nc8 17. h4 h5 18. Na4 Nd7 19. Nc5 Ndb6 20. b3 Re8 21. Ne1 f6 22. Ned3 Kf7 23. c3 Re7 24. exf6 Bxf6 25. Bg5 Nd7 26. Nxd7 Rxd7 27. Bxf6 Kxf6 28. Ne5 Rc7 29. Ra6 Ne7 30. f3 g5 31. Rh1 Rh8 32. hxg5+ Kg7 33. Rha1 Ra8 34. f4 Ng6 35. g3 Ne7 36. Kf3 Kh7 37. Rh1 Rh8 38. g4 Kg8 39. gxh5 Kf8 40. h6 Kg8 41. Rha1 Rh7 42. Rxa7 Rxa7 43. Rxa7 Ng6 44. Rxh7 Nxe5+ 45. dxe5 Kxh7 46. f5 exf5 47. e6 Kg6 48. Kf4 1-0

[Event "Moscow op-E"]
[Site "Moscow"]
[Date "2011.02.04"]
[Round "7.218"]
[White "Petukhov, Nikolay"]
[Black "Pokhlebin, Sergej"]
[Result "1-0"]
[WhiteElo "1803"]
[BlackElo "2036"]
[PlyCount "99"]
[EventDate "2011.01.29"]
[EventType "swiss"]
[EventRounds "9"]
[EventCountry "RUS"]
[SourceTitle "EXT 2022"]
[Source "ChessBase"]
[SourceDate "2021.10.06"]
[SourceVersion "1"]
[SourceVersionDate "2021.10.06"]
[SourceQuality "1"]

1. b4 e5 2. Bb2 Bxb4 3. Bxe5 Nf6 4. c4 0-0 5. e3 Nc6 6. Bb2 Re8 7. Be2 d5 8. cxd5 Nxd5 9. Nf3 Bf5 10. 0-0 Qe7 11. Bb5 Rad8 12. d4 Rd6 13. Nbd2 Nc3 14. Bxc3 Bxc3 15. Rc1 Bb2 16. Bxc6 bxc6 17. Rc5 Bd3 18. Re1 Re6 19. Qb3 Bxd4 20. Nxd4 Rg6 21. Rxc6 Rxc6 22. Nxc6 Qd7 23. Rc1 Ba6 24. Qc3 Bb7 25. Nd4 Qg4 26. f3 Qg5 27. Re1 c5 28. Nc2 h5 29. Qc4 Re6 30. Qf4 Qd5 31. Nf1 Rf6 32. e4 Qd7 33. Qb8+ Kh7 34. Nce3 Rg6 35. Qe5 Qh3 36. Qf5 Qh4 37. Ng3 Kg8 38. Qxh5 Qf6 39. Qf5 Qc3 40. Re2 Ba6 41. Nd5 Qa1+ 42. Kf2 Qd4+ 43. Re3 Re6 44. Nf4 Rf6 45. Nfe2 Qb4 46. Rb3 Rxf5 47. Rxb4 Rf6 48. Rb8+ Kh7 49. Ra8 Rc6 50. Rxa7 1-0

[Event "Moscow op-E"]
[Site "Moscow"]
[Date "2011.02.02"]
[Round "5.122"]
[White "Syrchikov, Alexander"]
[Black "Pokhlebin, Sergej"]
[Result "1-0"]
[WhiteElo "2239"]
[BlackElo "2036"]
[PlyCount "79"]
[EventDate "2011.01.29"]
[EventType "swiss"]
[EventRounds "9"]
[EventCountry "RUS"]
[SourceTitle "EXT 2022"]
[Source "ChessBase"]
[SourceDate "2021.10.06"]
[SourceVersion "1"]
[SourceVersionDate "2021.10.06"]
[SourceQuality "1"]

1. d4 d5 2. Nf3 Nf6 3. Bf4 c5 4. c3 Qb6 5. Qb3 Nc6 6. e3 c4 7. Qxb6 axb6 8. Nbd2 b5 9. Ne5 b4 10. Be2 bxc3 11. bxc3 Bf5 12. 0-0 e6 13. g4 Bc2 14. Rfc1 Ba4 15. Rcb1 Ra7 16. g5 Nd7 17. Nxd7 Kxd7 18. e4 Ba3 19. exd5 exd5 20. Bg4+ Kd8 21. Bf3 b5 22. Bxd5 Ne7 23. Bg2 Rd7 24. Bh3 Rd5 25. Nxc4 Ng6 26. Bg3 Be7 27. Nb6 Rxg5 28. Nxa4 Rxg3+ 29. hxg3 bxa4 30. Rb7 Rf8 31. Re1 f5 32. g4 fxg4 33. Bxg4 Rf4 34. f3 Ke8 35. Bh5 Rf7 36. f4 Kd8 37. Bxg6 hxg6 38. Re6 Ke8 39. Kg2 Kd8 40. d5 1-0

[Event "RSSU-18 op"]
[Site "Moscow"]
[Date "2009.10.18"]
[Round "2"]
[White "Pokhlebin, Sergej"]
[Black "Mazurov, Arslan"]
[Result "0-1"]
[WhiteElo "2000"]
[BlackElo "1616"]
[PlyCount "38"]
[EventDate "2009.10.17"]
[EventType "swiss"]
[EventRounds "9"]
[EventCountry "RUS"]
[SourceTitle "EXT 2022"]
[Source "ChessBase"]
[SourceDate "2021.10.06"]
[SourceVersion "1"]
[SourceVersionDate "2021.10.06"]
[SourceQuality "1"]

1. e4 e5 2. Nf3 Nc6 3. Bb5 a6 4. Bxc6 dxc6 5. Nc3 Bc5 6. Nxe5 Bxf2+ 7. Kxf2 Qd4+ 8. Ke1 Qxe5 9. d4 Qe7 10. Qe2 Nf6 11. Rf1 Bg4 12. Qd3 h6 13. Bf4 0-0-0 14. Kf2 Rhe8 15. Rae1 Qb4 16. Be3 Be6 17. a3 Qxb2 18. Ra1 Qxc3 19. h3 Bc4 0-1

[Event "Vladimir op-B"]
[Site "Vladimir"]
[Date "2009.08.24"]
[Round "5"]
[White "Pokhlebin, Sergej"]
[Black "Belskiy, Artem"]
[Result "1-0"]
[WhiteElo "1999"]
[BlackElo "1528"]
[PlyCount "57"]
[EventDate "2009.08.19"]
[EventType "swiss"]
[EventRounds "9"]
[EventCountry "RUS"]
[SourceTitle "EXT 2012"]
[Source "ChessBase"]
[SourceDate "2011.11.24"]
[SourceVersion "1"]
[SourceVersionDate "2011.11.24"]
[SourceQuality "1"]

1. e4 e6 2. d4 d5 3. Nc3 Nf6 4. Bg5 Be7 5. e5 Nfd7 6. h4 c5 7. Bxe7 Kxe7 8. Qg4 Kf8 9. Nf3 Nc6 10. dxc5 Ncxe5 11. Nxe5 Nxe5 12. Qg3 Qf6 13. 0-0-0 Bd7 14. h5 Bc6 15. f4 Nd7 16. Qe3 Qe7 17. b4 Nf6 18. Be2 Ne4 19. Nxe4 dxe4 20. Rd6 Qf6 21. Kb1 Ke7 22. b5 Bd7 23. Rhd1 Rhd8 24. Qd2 Kf8 25. Rxd7 Rdc8 26. g4 Ke8 27. g5 Qf5 28. Qd6 Qxc5 29. Rd8+ 1-0

[Event "Moscow op-B"]
[Site "Moscow"]
[Date "2009.02.05"]
[Round "6"]
[White "Pokhlebin, Sergej"]
[Black "Saifutdinov, Rustam"]
[Result "1-0"]
[WhiteElo "1999"]
[BlackElo "1400"]
[PlyCount "36"]
[EventDate "2009.01.31"]
[EventType "swiss"]
[EventRounds "9"]
[EventCountry "RUS"]
[SourceTitle "EXT 2012"]
[Source "ChessBase"]
[SourceDate "2011.11.24"]
[SourceVersion "1"]
[SourceVersionDate "2011.11.24"]
[SourceQuality "1"]

1. e4 c5 2. Nf3 Nc6 3. d4 cxd4 4. Nxd4 e6 5. Nc3 d6 6. Bc4 Nf6 7. Be3 Be7 8. Qe2 0-0 9. 0-0-0 a6 10. g4 Na5 11. g5 Ne8 12. Bd3 b5 13. Qh5 e5 14. Nf5 Nc4 15. Nxe7+ Qxe7 16. Nd5 Qb7 17. Nf6+ Nxf6 18. gxf6 Nxe3 1-0

[Event "Moscow op-B"]
[Site "Moscow"]
[Date "2009.02.01"]
[Round "2"]
[White "Pokhlebin, Sergej"]
[Black "Ashirov, Sanzhar"]
[Result "1-0"]
[WhiteElo "1999"]
[BlackElo "1400"]
[PlyCount "37"]
[EventDate "2009.01.31"]
[EventType "swiss"]
[EventRounds "9"]
[EventCountry "RUS"]
[SourceTitle "EXT 2012"]
[Source "ChessBase"]
[SourceDate "2011.11.24"]
[SourceVersion "1"]
[SourceVersionDate "2011.11.24"]
[SourceQuality "1"]

1. e4 c5 2. Nf3 e6 3. d4 cxd4 4. Nxd4 a6 5. Nc3 Qc7 6. g3 Nf6 7. Bg2 d6 8. 0-0 Be7 9. f4 0-0 10. g4 Nbd7 11. g5 Ne8 12. Qh5 g6 13. Qh6 Ng7 14. f5 gxf5 15. exf5 Nxf5 16. Rxf5 exf5 17. Nd5 Qa5 18. b4 Qa4 19. Nxf5 1-0

[Event "Moscow op-B 04th"]
[Site "Moscow"]
[Date "2008.02.04"]
[Round "3"]
[White "Andreev, Nikita"]
[Black "Pokhlebin, Sergej"]
[Result "0-1"]
[WhiteElo "2168"]
[BlackElo "1987"]
[PlyCount "48"]
[EventDate "2008.02.02"]
[EventType "swiss"]
[EventRounds "9"]
[EventCountry "RUS"]
[SourceTitle "CBM 122 Extra"]
[Source "ChessBase"]
[SourceDate "2008.03.04"]
[SourceVersion "1"]
[SourceVersionDate "2008.03.04"]
[SourceQuality "1"]

1. e4 e5 2. Nf3 Nf6 3. Bc4 Nc6 4. d3 Bc5 5. c3 d6 6. h3 Ne7 7. 0-0 0-0 8. Bg5 Ng6 9. Re1 Qe7 10. Na3 Be6 11. Qc2 h6 12. Be3 Bxe3 13. Rxe3 d5 14. exd5 Nxd5 15. Ree1 Qf6 16. d4 exd4 17. Nxd4 Ngf4 18. Nxe6 fxe6 19. Bxd5 exd5 20. Re3 Rae8 21. Qd1 Qg5 22. Qf3 Rxe3 23. fxe3 Nd3 24. h4 Qe5 0-1

[Event "Moscow-ch op sf"]
[Site "Moscow"]
[Date "2007.03.19"]
[Round "7"]
[White "Voit, Daria"]
[Black "Pokhlebin, Sergej"]
[Result "1-0"]
[WhiteElo "2141"]
[BlackElo "2053"]
[PlyCount "53"]
[EventDate "2007.03.05"]
[EventType "swiss"]
[EventRounds "9"]
[EventCountry "RUS"]
[SourceTitle "EXT 2022"]
[Source "ChessBase"]
[SourceDate "2021.10.06"]
[SourceVersion "1"]
[SourceVersionDate "2021.10.06"]
[SourceQuality "1"]

1. e4 e5 2. Nf3 Nc6 3. d4 exd4 4. Nxd4 Nf6 5. Nxc6 bxc6 6. e5 Qe7 7. Qe2 Nd5 8. c4 Ba6 9. b3 Qh4 10. a3 Bc5 11. Qf3 Ne7 12. Bb2 Ng6 13. Bd3 0-0 14. 0-0 Rae8 15. b4 Be7 16. Re1 Bd6 17. Re4 Bxe5 18. Rxh4 Nxh4 19. Bxh7+ Kxh7 20. Qh5+ Kg8 21. Bxe5 Ng6 22. Bc3 Bxc4 23. Qc5 d5 24. Nd2 Nf4 25. Nxc4 Ne2+ 26. Kf1 Nxc3 27. Nd2 1-0